000 01254cab a2200193 4500
001 ##L132062
008 051222n2005 000 0 eng u
035 _a(Sirsi) u132062
041 0 _aeng
100 1 _aBingham, Tony
245 0 2 _aA painful case
260 _c2005
490 0 _aBuilding
_v270(8410) 9 December 2005, 46-47(2)
520 _aOutlines the facts of, and comments upon, "CIB Properties Ltd v Birse Construction Ltd" ([2005] EWHC 2365, L130465), whereby B called C to adjudication after being dismissed from a project on which C had made numerous revisions to the building design whilst work was in progress, and C had complained of work being late and defective. The adjudicator found that B had showed no sense of urgency, and could provide no convincing reasons why it should be granted an extension of time. The author argues that B had simply become overwhelmed by the problems encountered on the project, and had allowed work to virtually come to a standstill.
590 _aIKA030106
650 2 4 _aCIB PROPERTIES LTD V BIRSE CONSTRUCTION LTD
690 _aMANAGEMENT-DISPUTE AVOIDANCE, MANAGEMENT AND RESOLUTION-DISPUTE MANAGEMENT AND RESOLUTION-ALTERNATIVE DISPUTE RESOLUTION-ADJUDICATION-ADJUDICATION AWARDS
942 _n0
999 _c76314
_d76314